00695nam a2200253 u 450000100070000000500170000700800410002403500110006504000130007604100080008908000070009710000350010424500530013926000230019230000140021550000240022965000340025365000160028770000330030370000380033670000470037450200120042152600080043319459920260506080154.0980603s1983 ||||||m| spa  a194599 ccomduadb aspa aWA10aCuellar Solano, Juan4auteaut10aSanidad portuaria : un modelo para su aplicacion aMedellín,c1983. a197 hojas aDonacion : autores. aSaneamiento en construcción aAeropuertos10aDiaz Uruena, Jairo4auteaut10aEspinosa Puello, Rafael4auteaut10aOsorio Martínez, Jorge Alberto4thseths b291c20 a293